01385nam a2200373 a 4500001001000000003000900010005001700019007001000036008004100046020001500087040002200102082001800124100002900142245009900171260003900270300002700309490002900336504002600365600003200391650004400423650005100467650006100518700002500579830002900604910003800633942001200671945003400683952012200717956004000839956003800879956004000917956003900957999001500996000025298DO-SdBNP20180323160838.0000025298110214s2003 dr a 001 0bspa d a9993476994 aBPMSUbspacBPMSU a923.31bB142C1 aCassá, Roberto,d1948-10aMauricio Báez :blíder del proletariado /cRoberto Cassá ; ilustraciones Ramiro Manzano. aSanto Domingo :bTobogán,c2003. a57 p. :bil. ;c21 cm.1 aBiografías dominicanas aBibliografía: p. 5714aBÁEZ, MAURICIOd1910-1950 4aLIDERES OBREROSzREPÚBLICA DOMINICANA 4aTRABAJO Y TRABAJADORESzREPÚBLICA DOMINICANA 4aSINDICATOSxACTIVIDAD POLÍTICAzREPÚBLICA DOMINICANA1 aManzano, Ramiroeil. 0aBiografías dominicanas aValidado. Control de calidad MFF 2ddccBK aRemanejado para la BNPHU / VM 00102ddc40708CDaBPMETbBPMETd2015-02-20eDonaciónl0o923.31 B142CpBPMSU15040062r2015-02-20w2015-02-20yBK aYPOLANCOb10c20110214lBND01h1450 aVMATEOb10c20110215lBND01h1043 aEMARREROb10c20131211lBND01h2236 aVMATEOb10c20150903lBPMSUh00151 c7464d7464